000 00891nam a2200277Ia 4500
003 OSt
005 20220928124958.0
006 a|||||r|||| 00| 0
007 ta
008 220927b |||||||| |||| 00| 0 eng d
020 _cINR 675.00
024 _a140212
037 _b5394, 21/02/2019, Ashutosh Technical Books
_cTextual
040 _aSDCL
_cSDCL
_beng
041 _2eng
_aeng
082 _aD65, Q8
100 _aSaha Chinmoy
_9456458
245 0 _aBasic electronics
_b Principles and applications
260 _aNew Delhi
_bCambridge University Press India
_c2018
300 _axvi,820p.
_ccm.
650 _aElectronic Science
700 _a Ganguly Debarati
_9467399
700 _a Halder Arindam
_9467400
942 _hD65, Q8
_cTEXL
_2CC
999 _c780257
_d780257